000 00656nam a2200181Ia 4500
008 100920s9999 xx 000 0 und d
082 _b74827
_a200 थ 68
100 _aसंपादक-शेणोलीकर हरि श्रीधर.
245 _aनामयाची अमृतवाणी.
260 _bव्हीनस प्रकाशन, पुणे.
_c1968
300 _a318
_bसाधी
365 _b60
520 _aधार्मिक.
630 _aनामयाची अमृतवाणी.
650 _aधार्मिक.
730 _aनामयाची अमृतवाणी.
942 _cBOOK
999 _c716392
_d716389